Score 0/24 Timer 03:00
0 Plays Today
% Correct
Christmas
93.5%
Carol
93.2%
Two
93.2%
Cricket
93.2%
Old
92.9%
Shop
92.6%
Chimes
92.4%
Cities
92.3%
Papers
92.3%
House
92.3%
Curiosity
91.6%
Twist
91.6%
% Correct
Expectations
91.6%
Hard
91.5%
Hearth
91.5%
Times
91.2%
Tale
91.2%
Great
87.7%
Pickwick
87.4%
Friend
87.4%
Bleak
86.9%
Mutual
85.5%
Oliver
80.6%
Our
72.9%
Remove Ads.
Support Sporcle.
Get the best of Sporcle when you Go Orange. This ad-free experience offers more features, more stats, and more fun while also helping to support Sporcle. Thank you for becoming a member.

You're not logged in!

Compare scores with friends on all Sporcle quizzes.
OR
Log In

Show Comments

Extras

Top Quizzes Today


Score Distribution

Your Account Isn't Verified!

In order to create a playlist on Sporcle, you need to verify the email address you used during registration. Go to your Sporcle Settings to finish the process.

Report this User

Report this user for behavior that violates our Community Guidelines.

Details: